Statistics for Animal Crossing Species: Octopus

Click here to take the quiz!

General Stats

  • This quiz has been taken 13 times
  • The average score is 4 of 5

Answer Stats

Answer% Correct
Zucker
100%
Octavian
91%
Marina
82%
Cephalobot
64%
Inkwell
36%

Score Distribution

Percentile by Number Answered

Percent of People with Each Score

Your Score History

You have not taken this quiz